Esprits Criminels - Statistiques

Statistiques générales
  • Ce quiz a été pris 1 096 fois
  • Le résultat moyen est 10 sur 15
Statistiques - réponses
Hint Réponse % Correct
Quel est le rôle de Matthew Gray Gubler Spencer Reid
91%
Qui Thomas Gibson incarne-t-il ? Aaron Hotchner
89%
Quel est le rôle de Shemar Moore ? Derek Morgan
89%
Quel personnage Kirsten Vangsness incarne-t-elle ? Pénélope Garcia
86%
Qui A. J. Cook incarne-t-elle ? Jennifer Jarreau
85%
Qui Joe Mantegna incarne-t-il ? David Rossi
80%
Qui était le personnage de Paget Brewster ? Emily Prentiss
78%
Combien y a-t-il de saisons jusqu'à présent ? 12
76%
Quel est leur métier ? Profiler
71%
Où est basé le bureau de l'équipe ? Quantico
69%
Comment s'appelle le fils de JJ ? Henry
56%
Qu'étudient-ils ? Sciences du comportement
53%
Quel est le QI de Spencer Reid ? 187
38%
Quel tueur a tué Haley Hotchner ? George Foyet
33%
Quelle actrice a intégré la série lors de la dixième saison ? Jennifer Love-Hewitt
28%
Aucun quiz correspondant
Distribution des résultats
% des personnes avec chaque résultat
Percentile par nombre de réponses
Votre historique - résultats
Vous n’avez pas pris ce quiz